Nagyszombat látképe

Zobrazenie: pohľad ponad strechy budov na mesto, uprostred Mestská veža, vpravo v úzadí Kostol sv. Mikuláša, vľavo Kostol sv. Jána Krstiteľa a veže Kostola Najsvätejšej Trojice

Bibliographic Details
Format: Postcard
Language:Hungarian
PhysicalDescription:1 pohľadnica tónovaná do hneda 9 x 14 cm
Published: Budapest V. Vasúti Levelezőlapárusitás [1916?]
Subjects:

MARC

LEADER 00000ckm a2200000 a 4500
001 vtls011698502
003 SK-MaSNL
005 20260512124647.0
007 kp ao
008 230706q1916 hu g 00 kuhun
015 |a SNBG1916 
035 |a urn:nbn:sk:snk-km00dnv7 
035 |a urn:nbn:sk:snk-km3lzeh 
035 |a 53D2B9D5-814D-4E5D-826D-7770DB3E3B0B 
040 |a SNK  |b slo  |c SNK  |e AACR2 
041 0 |a hun 
043 |a e-xo--- 
044 |a hu  |c HU 
072 7 |a 913  |x Regionálna geografia  |2 konspekt 
072 7 |a 72  |x Architektúra  |2 konspekt 
080 |a 913(437.6)  |2 2011 
080 |a (084.121)  |2 2011 
080 |a 726:27-523.42  |2 2011 
245 0 0 |a Nagyszombat látképe  |h grafika 
260 |a Budapest V.  |b Vasúti Levelezőlapárusitás  |c [1916?] 
300 |a 1 pohľadnica  |b tónovaná do hneda  |c 9 x 14 cm 
500 |a Názvové údaje prevzaté z obrazovej časti pohľadnice 
520 8 |a Zobrazenie: pohľad ponad strechy budov na mesto, uprostred Mestská veža, vpravo v úzadí Kostol sv. Mikuláša, vľavo Kostol sv. Jána Krstiteľa a veže Kostola Najsvätejšej Trojice 
610 2 7 |a Bazilika sv. Mikuláša (Trnava, Slovensko)  |2 SNKKA  |9 173500 
610 2 7 |a Katedrála sv. Jána Krstiteľa (Trnava, Slovensko)  |2 SNKKA  |9 173502 
610 2 7 |a Kostol Najsvätejšej Trojice a Nanebovzatia Panny Márie (Prievidza, Slovensko)  |2 SNKKA  |9 116093 
650 0 7 |a kostoly  |2 SNKPH  |9 3023 
651 7 |a Trnava (Slovensko)  |2 SNKPHgeo  |9 19407 
655 7 |a miestne pohľadnice  |2 SNKPH  |9 70510 
752 |a Maďarsko  |d Budapešť 
852 |a Slovenská národná knižnica 
958 |a GBN 
958 |a ONDV 
958 |a GC 
999 |c 937436  |d 939366 
952 |a SNK  |b SNK  |y PREZ  |7 0  |p 17A1223591  |o snkSP 24893  |z Pohľadnica prešla poštou.  |0 0  |1 0  |4 0  |d 2017-06-21  |f 1  |l 0  |r 2026-02-24 09:08:06  |w 2026-02-24